| 000 | 00611nam a2200205 a 4500 | ||
|---|---|---|---|
| 005 | 20210219152914.0 | ||
| 008 | 991125n 000 0 spa u | ||
| 035 | _aUPN01000066589 | ||
| 100 | _aRODRIGUEZ BRANDAO, Carlos | ||
| 222 | _aREVISTA EDUCACION DE ADULTOS | ||
| 245 | _aLos caminos cruzados : formas de pensar y realizar educación en América Latina | ||
| 300 | _a28-41 | ||
| 362 | _a1984 Vol. 2, no. 2, abr.-jun. | ||
| 653 | 0 | _aAMERICA LATINA | |
| 653 | 0 | _aEDUCACION DE ADULTOS | |
| 653 | 0 | _aEDUCACION PERMANENTE | |
| 653 | 0 | _aEDUCACION POPULAR | |
| 904 |
_aAC _b004400 |
||
| 905 | _aArticulo | ||
| 999 |
_c63560 _d63560 |
||